| 000 | 00351nam a22001097a 4500 | ||
|---|---|---|---|
| 008 | 140207t xxu||||| |||| 00| 0 eng d | ||
| 100 |
_aErnest W. Burgess _9682 |
||
| 245 |
_aThe family, from institution to companionship _b[by] Ernest W. Burgess & Harvey J. Locke. |
||
| 250 | _a3rd edition | ||
| 300 |
_axiv, 582 p. _billus., maps. _c23 cm. |
||
| 942 |
_2ddc _cBK |
||
| 999 |
_c16941 _d16941 |
||